[Event "Amantea op"]
[Site "Amantea"]
[Date "1994.??.??"]
[Round "?"]
[White "Vukovic, Vladan"]
[Black "Naumkin, Igor"]
[Result "1-0"]
[WhiteElo "2310"]
[BlackElo "2455"]
[PlyCount "45"]
[EventDate "1994.09.??"]
[EventType "swiss"]
[EventRounds "7"]
[EventCountry "ITA"]
[SourceTitle "EXT 2000"]
[Source "ChessBase"]
[SourceDate "1999.11.16"]
[SourceVersion "1"]
[SourceVersionDate "1999.11.16"]
[SourceQuality "1"]

1. e4 e6 2. d4 d5 3. Nc3 Bb4 4. exd5 exd5 5. Bd3 Nc6 6. Nge2 Nge7 7. Bg5 f6 8. Bf4 Bf5 9. 0-0 Qd7 10. Bxf5 Nxf5 11. Qd3 0-0-0 12. Nb5 Ba5 13. b4 Bb6 14. a4 Nxb4 15. Qb3 Nc6 16. a5 Bxd4 17. Rfb1 b6 18. axb6 Bxb6 19. Bxc7 Rde8 20. Nxa7+ Kxc7 21. Qxb6+ Kd6 22. Nxc6 Qxc6 23. Qb4+ 1-0